00365nam a2200121Ia 4500008004100000082002000041100003300061245002500094260004400119300000800163630001800171650005400189211109s9999||||xx |||||||||||||| ||und|| a894.8121bCHA-N aChangampuzha, Krishna Pillai 0aNeerunna Theecchoola bSahithya Pravarthaka...aKottayamc1949 a63p xGeneral Stack aMALAYALAM LITERATUREvMALAYALAM POETRYxMalayalam